=LDR 00000nam 2200000 4500 =001 INLIS000000000014559 =005 20130612105835 =008 ***********************************ind** =035 ##$$0010-061300000014559 =041 ##$$a ind =082 ##$$a 639.375 2 =090 ##$$a 6a639/375 2, yat i =100 ##$$a Jatmiko Hertami =245 ##$$a lele, budidaya hasil olahan dan analisa usaha, Hertawi Jatmiko, Taufik Rusdi =250 ##$$a Usaha pekarangan =260 ##$$a 1986 $b Jakarta =300 ##$$a 56,Hlm, ILus, 21 Cm =650 ##$$a Lele udidaya =700 ##$$a Rusdi Taufik =850 ##$$a NBPNMAT